[Event "Barcelona Sant Marti op-B 24th"]
[Site "Barcelona"]
[Date "2024.07.19"]
[Round "7"]
[White "Tortosa Moros, Joan"]
[Black "Fernandez Garcia, Josep"]
[Result "1-0"]
[WhiteElo "1742"]
[BlackElo "1627"]
[PlyCount "59"]
[EventDate "2024.07.13"]
[EventType "swiss"]
[EventRounds "9"]
[EventCountry "ESP"]
[SourceTitle "EXT 2025"]
[Source "ChessBase"]
[SourceDate "2024.10.14"]
[SourceVersion "1"]
[SourceVersionDate "2024.10.14"]
[SourceQuality "1"]

1. e4 e5 2. Nf3 Nc6 3. Bb5 a6 4. Ba4 b5 5. Bb3 Nf6 6. Qe2 Be7 7. 0-0 d6 8. a4 Bg4 9. axb5 Nd4 10. Qc4 Be6 11. Qd3 Bxb3 12. Nxd4 exd4 13. Qxb3 Nxe4 14. bxa6 Nc5 15. Qb5+ Qd7 16. Qxd7+ Kxd7 17. a7 Kc6 18. b4 Ne6 19. Bb2 Kb7 20. c3 dxc3 21. Nxc3 Rxa7 22. Rxa7+ Kxa7 23. Nd5 Bg5 24. f4 c6 25. fxg5 cxd5 26. Rxf7+ Kb6 27. Re7 Nxg5 28. Rxg7 Ne4 29. Bd4+ Ka6 30. Ra7+ 1-0

[Event "Barcelona Sant Marti op 11th"]
[Site "Barcelona"]
[Date "2024.03.07"]
[Round "9"]
[White "Rodriguez Guillen, Carlos"]
[Black "Tortosa Moros, Joan"]
[Result "1-0"]
[WhiteElo "1720"]
[BlackElo "1607"]
[PlyCount "71"]
[EventDate "2024.01.11"]
[EventType "swiss"]
[EventRounds "9"]
[EventCountry "ESP"]
[SourceTitle "CBM 219 Extra"]
[Source "ChessBase"]
[SourceDate "2024.05.31"]
[SourceVersion "1"]
[SourceVersionDate "2024.05.31"]
[SourceQuality "1"]

1. e4 c5 2. Nf3 g6 3. d4 cxd4 4. Nxd4 Bg7 5. Nc3 Nc6 6. Be3 Nf6 7. Bc4 Qa5 8. 0-0 Qb4 9. Bb3 0-0 10. a3 Qa5 11. f4 Ng4 12. Nxc6 dxc6 13. Bd4 e5 14. Bf2 exf4 15. Qf3 Bh6 16. Ne2 g5 17. Bd4 c5 18. Bc3 Qb6 19. h3 Ne3 20. Rf2 Qg6 21. g4 c4 22. Ba2 Nxc2 23. Nxf4 gxf4 24. Rxc2 b5 25. Re1 Bb7 26. Rce2 f5 27. Bb1 Qb6+ 28. Kh2 fxe4 29. Bxe4 Bxe4 30. Rxe4 Qb7 31. g5 Bxg5 32. Rg1 h6 33. h4 Rae8 34. hxg5 Qxe4 35. gxh6+ Kf7 36. Rg7+ 1-0

[Event "Barcelona Sant Marti op-B 22nd"]
[Site "Barcelona"]
[Date "2022.07.19"]
[Round "7"]
[White "Tortosa Moros, Joan"]
[Black "Ritter Aguilar, Jordi"]
[Result "1/2-1/2"]
[WhiteElo "1547"]
[BlackElo "1676"]
[PlyCount "61"]
[EventDate "2022.07.13"]
[EventType "swiss"]
[EventRounds "9"]
[EventCountry "ESP"]
[SourceTitle "CBM 210 Extra"]
[Source "ChessBase"]
[SourceDate "2022.11.30"]
[SourceVersion "1"]
[SourceVersionDate "2022.11.30"]
[SourceQuality "1"]

1. e4 e5 2. Nf3 Nc6 3. Bb5 f5 4. d3 Nf6 5. 0-0 fxe4 6. dxe4 d6 7. Re1 Be7 8. Nc3 0-0 9. Nd5 Kh8 10. h3 Nxd5 11. exd5 Nb8 12. Bd3 Bf5 13. Bxf5 Rxf5 14. Qe2 Rf7 15. Qd3 Nd7 16. Be3 a6 17. Nd2 Nf8 18. Ne4 Ng6 19. Qd2 Qd7 20. Bg5 Nf4 21. Bxe7 Qxe7 22. Re3 Raf8 23. Rg3 h6 24. Re1 Nh5 25. Rg4 Nf6 26. Nxf6 Rxf6 27. Re2 Qf7 28. Rb4 b6 29. a4 Rf4 30. Rxf4 Qxf4 31. b3 1/2-1/2

[Event "Barcelona Sant Marti op 9th"]
[Site "Barcelona"]
[Date "2020.03.05"]
[Round "8"]
[White "Tortosa Moros, Joan"]
[Black "Moreno Perez, Norberto"]
[Result "0-1"]
[WhiteElo "1651"]
[BlackElo "1867"]
[PlyCount "120"]
[EventDate "2020.01.16"]
[EventType "swiss"]
[EventRounds "9"]
[EventCountry "ESP"]
[SourceTitle "CBM 195 Extra"]
[Source "ChessBase"]
[SourceDate "2020.05.31"]
[SourceVersion "1"]
[SourceVersionDate "2020.05.31"]
[SourceQuality "1"]

1. e4 e5 2. Nf3 d6 3. d4 exd4 4. Nxd4 Be7 5. Be2 Nf6 6. Nc3 0-0 7. 0-0 a6 8. f4 b5 9. Bf3 Ra7 10. Be3 c5 11. Nde2 Ng4 12. Bxg4 Bxg4 13. Nd5 Re8 14. h3 Bxe2 15. Qxe2 Bf6 16. Nxf6+ Qxf6 17. Qd3 Rae7 18. e5 dxe5 19. Bxc5 Rd7 20. Qe4 Qc6 21. Qxc6 Nxc6 22. fxe5 Rxe5 23. Rfe1 f6 24. Rxe5 Nxe5 25. Bb4 Nc4 26. Bc3 Kf7 27. Kf2 Nb6 28. Be1 h5 29. b3 Rc7 30. Rc1 Nd5 31. Bd2 b4 32. Ke2 Nc3+ 33. Bxc3 Rxc3 34. Kd2 Rg3 35. Rg1 g5 36. Ke2 f5 37. Kf2 Rc3 38. Rc1 h4 39. Ke2 Kf6 40. Kd2 Rg3 41. Rg1 f4 42. Kc1 Kf5 43. Kb2 g4 44. hxg4+ Rxg4 45. Rh1 Kg5 46. Rh2 Rg3 47. a3 a5 48. axb4 axb4 49. Kc1 Rc3 50. Kd1 Kg4 51. Kd2 f3 52. gxf3+ Kg3 53. Rh1 h3 54. f4 Kg2 55. Re1 Rf3 56. f5 h2 57. f6 h1Q 58. Rxh1 Kxh1 59. f7 Rxf7 60. Kd3 Rc7 0-1

[Event "Barcelona Sant Marti op 9th"]
[Site "Barcelona"]
[Date "2020.02.27"]
[Round "7"]
[White "Tortosa Moros, Joan"]
[Black "Cabot Muntane, Jordi"]
[Result "1/2-1/2"]
[WhiteElo "1651"]
[BlackElo "1814"]
[PlyCount "45"]
[EventDate "2020.01.16"]
[EventType "swiss"]
[EventRounds "9"]
[EventCountry "ESP"]
[SourceTitle "CBM 195 Extra"]
[Source "ChessBase"]
[SourceDate "2020.05.31"]
[SourceVersion "1"]
[SourceVersionDate "2020.05.31"]
[SourceQuality "1"]

1. e4 c6 2. Nc3 d5 3. Nf3 dxe4 4. Nxe4 Nf6 5. Qe2 Bg4 6. Nxf6+ gxf6 7. h3 Bh5 8. g4 Bg6 9. d4 Qc7 10. Nh4 e6 11. Nxg6 hxg6 12. Bd2 Nd7 13. 0-0-0 0-0-0 14. Bg2 Bd6 15. Kb1 f5 16. Bc3 Rhe8 17. Qf3 Nf6 18. Rd3 Nd5 19. Bd2 Nf4 20. Bxf4 Bxf4 21. Ra3 a6 22. Rd3 Bh6 23. c3 1/2-1/2

[Event "Barcelona Sant Marti op 9th"]
[Site "Barcelona"]
[Date "2020.02.06"]
[Round "4"]
[White "Bernat, Ernest"]
[Black "Tortosa Moros, Joan"]
[Result "1/2-1/2"]
[WhiteElo "1815"]
[BlackElo "1651"]
[PlyCount "33"]
[EventDate "2020.01.16"]
[EventType "swiss"]
[EventRounds "9"]
[EventCountry "ESP"]
[SourceTitle "CBM 195 Extra"]
[Source "ChessBase"]
[SourceDate "2020.05.31"]
[SourceVersion "1"]
[SourceVersionDate "2020.05.31"]
[SourceQuality "1"]

1. e4 c5 2. c3 d5 3. exd5 Qxd5 4. d4 Nc6 5. Nf3 e5 6. Nbd2 exd4 7. cxd4 cxd4 8. Bc4 Qf5 9. 0-0 Be7 10. Re1 Nf6 11. Nb3 0-0 12. Nbxd4 Nxd4 13. Qxd4 Bc5 14. Qd3 Qxd3 15. Bxd3 Be6 16. Be3 Bxe3 17. Rxe3 1/2-1/2

[Event "Barcelona La Lira op 38th"]
[Site "Barcelona"]
[Date "2020.01.31"]
[Round "3"]
[White "Tortosa Moros, Joan"]
[Black "Elias Arguelles, Manuel"]
[Result "1-0"]
[WhiteElo "1651"]
[BlackElo "1466"]
[PlyCount "75"]
[EventDate "2020.01.17"]
[EventType "swiss"]
[EventRounds "8"]
[EventCountry "ESP"]
[SourceTitle "CBM 195 Extra"]
[Source "ChessBase"]
[SourceDate "2020.05.31"]
[SourceVersion "1"]
[SourceVersionDate "2020.05.31"]
[SourceQuality "1"]

1. e4 c6 2. Nc3 e6 3. d4 d5 4. exd5 exd5 5. Be2 Be7 6. Nf3 Nd7 7. 0-0 Ngf6 8. Re1 0-0 9. Bd3 Ne8 10. Ne2 g6 11. Bh6 Ng7 12. Ng3 Re8 13. c3 Bf6 14. Qc2 Nf8 15. Rxe8 Nxe8 16. Ne5 Bg7 17. Qd2 Ne6 18. Bxg7 N8xg7 19. f4 Nf8 20. Rf1 f6 21. Nf3 Bd7 22. h4 Bg4 23. Nh2 Bd7 24. f5 gxf5 25. Bxf5 Bxf5 26. Nxf5 Nxf5 27. Rxf5 Qe7 28. Qf2 Nd7 29. Ng4 Rf8 30. Rf3 Qg7 31. Rg3 Kh8 32. Ne3 Qh6 33. Nf5 Qc1+ 34. Kh2 Rf7 35. Re3 Qb1 36. Re8+ Rf8 37. Re7 Qc1 38. Rxd7 1-0

[Event "Barcelona op 2nd"]
[Site "Barcelona"]
[Date "2019.10.31"]
[Round "6.4"]
[White "Peiron Lluch, Jose Daniel"]
[Black "Tortosa Moros, Joan"]
[Result "1-0"]
[WhiteElo "1808"]
[BlackElo "1647"]
[PlyCount "45"]
[EventDate "2019.09.26"]
[EventType "swiss"]
[EventRounds "9"]
[EventCountry "ESP"]
[SourceTitle "EXT 2024"]
[Source "ChessBase"]
[SourceDate "2023.10.10"]
[SourceVersion "1"]
[SourceVersionDate "2023.10.10"]
[SourceQuality "1"]

1. d4 Nf6 2. Nc3 d5 3. Bf4 e6 4. Nf3 c5 5. e3 Nc6 6. Nb5 e5 7. Nxe5 Nxe5 8. Bxe5 Qa5+ 9. c3 Nd7 10. Bc7 b6 11. Bg3 Kd8 12. Nc7 Rb8 13. Nxd5 Rb7 14. a3 cxd4 15. Qxd4 Qc5 16. Ba6 Qc6 17. Bxb7 Bxb7 18. Nb4 Qxg2 19. 0-0-0 Bc8 20. Qf4 Ke8 21. Nd5 Qh3 22. Qe4+ Qe6 23. Nc7+ 1-0

[Event "Barcelona op 2nd"]
[Site "Barcelona"]
[Date "2019.10.24"]
[Round "5.3"]
[White "Tortosa Moros, Joan"]
[Black "Cano Sevilla, Ivan"]
[Result "0-1"]
[WhiteElo "1647"]
[BlackElo "2004"]
[PlyCount "72"]
[EventDate "2019.09.26"]
[EventType "swiss"]
[EventRounds "9"]
[EventCountry "ESP"]
[SourceTitle "EXT 2024"]
[Source "ChessBase"]
[SourceDate "2023.10.10"]
[SourceVersion "1"]
[SourceVersionDate "2023.10.10"]
[SourceQuality "1"]

1. e4 c5 2. Nf3 Nc6 3. d4 cxd4 4. Nxd4 Nf6 5. Nc3 g6 6. Be2 Bg7 7. Be3 0-0 8. Qd2 d5 9. exd5 Nxd5 10. Nxd5 Qxd5 11. Bf3 Qc4 12. Nxc6 bxc6 13. Be2 Qd5 14. Qxd5 cxd5 15. c3 Rb8 16. 0-0-0 Bb7 17. f3 Rfc8 18. a3 a5 19. Ba7 Ra8 20. Be3 e5 21. Kb1 Bc6 22. h4 Rab8 23. Ka1 d4 24. cxd4 exd4 25. Bc1 Ba4 26. Rde1 d3 27. Bxd3 Rb3 28. Bb1 Rxa3+ 29. Ba2 Bb3 30. Re3 Rxc1+ 31. Rxc1 Rxa2+ 32. Kb1 Rxb2+ 33. Ka1 Rxg2+ 34. Rec3 a4 35. Kb1 Bxc3 36. Rxc3 Rh2 0-1

[Event "Barcelona op 2nd"]
[Site "Barcelona"]
[Date "2019.09.26"]
[Round "1.5"]
[White "Tortosa Moros, Joan"]
[Black "Jose Iraeta, Alexandre"]
[Result "0-1"]
[WhiteElo "1647"]
[BlackElo "1959"]
[PlyCount "128"]
[EventDate "2019.09.26"]
[EventType "swiss"]
[EventRounds "9"]
[EventCountry "ESP"]
[SourceTitle "EXT 2024"]
[Source "ChessBase"]
[SourceDate "2023.10.10"]
[SourceVersion "1"]
[SourceVersionDate "2023.10.10"]
[SourceQuality "1"]

1. e4 e5 2. Nf3 d6 3. d4 exd4 4. Nxd4 Nf6 5. Nc3 Be7 6. Be2 0-0 7. 0-0 a6 8. Be3 Re8 9. f3 c5 10. Nb3 Nc6 11. Nd5 Nxd5 12. exd5 Bf6 13. dxc6 Rxe3 14. cxb7 Bxb7 15. c3 Qb6 16. Qd2 Rae8 17. Rf2 a5 18. Rd1 d5 19. Bf1 a4 20. Nc1 a3 21. bxa3 Bxc3 22. Qc2 c4 23. Kh1 Qc5 24. Re2 Ba5 25. Rxe3 Rxe3 26. Nb3 Qxa3 27. Nxa5 Qxa5 28. Qb1 Bc6 29. Qb8+ Re8 30. Qd6 Ba8 31. Qd7 Rf8 32. a4 g6 33. Rb1 Qc3 34. Qb5 Qd4 35. Qb4 Qe3 36. Re1 Qb3 37. Qxb3 cxb3 38. Rb1 Rb8 39. Bb5 Rc8 40. Kg1 Rc3 41. Kf1 Kf8 42. Ke1 Ke7 43. Rb2 Kd6 44. Kd2 d4 45. a5 Kc5 46. Be2 Kb4 47. a6 Ka3 48. Rb1 Ka2 49. Re1 b2 50. Bd3 Rxd3+ 51. Kxd3 b1Q+ 52. Rxb1 Kxb1 53. Kxd4 f6 54. Ke3 Kc2 55. g4 Kc3 56. f4 Kc4 57. h4 Kd5 58. h5 gxh5 59. gxh5 h6 60. Kf3 Kd4+ 61. Kg3 f5 62. Kf2 Ke4 63. Kg3 Ke3 64. a7 Bc6 0-1